| Tag |
First Indicator |
Second Indicator |
Subfields |
| LEADER |
00000cas a2200000 4500 |
| 001 |
in00000051184 |
| 005 |
20151007065912.0 |
| 008 |
760620c19509999enkbr p 0uuua1eng |
| 010 |
|
|
|a 58020212
|
| 035 |
|
|
|a (OCoLC)02267383
|
| 035 |
|
|
|9 AAE2929AM
|
| 040 |
|
|
|a DLC
|c PIT
|d PIT
|d TXA
|d UtOrBLW
|
| 049 |
|
|
|a TXAE
|
| 050 |
0 |
0 |
|a TL760.A1
|b B734
|
| 082 |
0 |
|
|a 629.1333
|
| 245 |
0 |
0 |
|a Sailplane and gliding.
|
| 247 |
0 |
0 |
|a Gliding
|f -summer 1955
|
| 264 |
|
1 |
|a [London]
|b [publisher not identified] ;
|
| 300 |
|
|
|a volumes in :
|b illustrations, portraits ;
|c 21 cm.
|a bimonthly.
|
| 336 |
|
|
|a text
|b txt
|2 rdacontent
|
| 337 |
|
|
|a unmediated
|b n
|2 rdamedia
|
| 338 |
|
|
|a volume
|b nc
|2 rdacarrier
|
| 362 |
1 |
|
|a Began publication in 1950.
|z Willing's press guide, 1955.
|
| 550 |
|
|
|a Official organ of the British Gliding Association.
|
| 650 |
|
0 |
|a Gliding and soaring
|z Great Britain
|x Periodicals.
|
| 710 |
2 |
|
|a British Gliding Association.
|
| 780 |
0 |
5 |
|t Sailplane and gliding
|g Oct. 1955
|
| 999 |
|
|
|a MARS
|
| 999 |
f |
f |
|s 6c901831-3fea-31d4-abee-32746306e6bc
|i 79420cbe-e18a-36c4-a348-9e3cf44b2465
|t 0
|
| 952 |
f |
f |
|p ric
|a Texas A&M University
|b Rellis Campus
|c Joint Library Facility
|d Remote Storage
|t 0
|e TL760.A1 B734
|h Library of Congress classification
|i unmediated -- volume
|k v.25
|l 1974:Feb.-1975:Jan.
|m A14832594731
|
| 952 |
f |
f |
|p ric
|a Texas A&M University
|b Rellis Campus
|c Joint Library Facility
|d Remote Storage
|t 0
|e TL760.A1 B734
|h Library of Congress classification
|i unmediated -- volume
|k v.26
|l 1975:Feb.-1976:Jan.
|m A14832594692
|
| 952 |
f |
f |
|p ric
|a Texas A&M University
|b Rellis Campus
|c Joint Library Facility
|d Remote Storage
|t 0
|e TL760.A1 B734
|h Library of Congress classification
|i unmediated -- volume
|k v.19
|l 1968:Feb.-1969:Jan.
|m A14832594325
|
| 952 |
f |
f |
|p ric
|a Texas A&M University
|b Rellis Campus
|c Joint Library Facility
|d Remote Storage
|t 0
|e TL760.A1 B734
|h Library of Congress classification
|i unmediated -- volume
|k v.17
|l 1966:Feb.-1967:Jan.
|m A14832594406
|
| 952 |
f |
f |
|p ric
|a Texas A&M University
|b Rellis Campus
|c Joint Library Facility
|d Remote Storage
|t 0
|e TL760.A1 B734
|h Library of Congress classification
|i unmediated -- volume
|k v.14
|l 1963
|m A14832594529
|
| 952 |
f |
f |
|p ric
|a Texas A&M University
|b Rellis Campus
|c Joint Library Facility
|d Remote Storage
|t 0
|e TL760.A1 B734
|h Library of Congress classification
|i unmediated -- volume
|k v.22
|l 1971:Feb.-1972:Jan.
|m A14832594202
|
| 952 |
f |
f |
|p ric
|a Texas A&M University
|b Rellis Campus
|c Joint Library Facility
|d Remote Storage
|t 0
|e TL760.A1 B734
|h Library of Congress classification
|i unmediated -- volume
|k v.28
|l 1977:Feb.-1978:Jan.
|m A14832594618
|
| 952 |
f |
f |
|p ric
|a Texas A&M University
|b Rellis Campus
|c Joint Library Facility
|d Remote Storage
|t 0
|e TL760.A1 B734
|h Library of Congress classification
|i unmediated -- volume
|k v.35-36
|l 1984:Feb.-1986:Jan.
|m A14832594414
|
| 952 |
f |
f |
|p ric
|a Texas A&M University
|b Rellis Campus
|c Joint Library Facility
|d Remote Storage
|t 0
|e TL760.A1 B734
|h Library of Congress classification
|i unmediated -- volume
|k v.9-10
|l 1958-1959
|m A14832594684
|
| 952 |
f |
f |
|p ric
|a Texas A&M University
|b Rellis Campus
|c Joint Library Facility
|d Remote Storage
|t 0
|e TL760.A1 B734
|h Library of Congress classification
|i unmediated -- volume
|k v.30
|l 1979:Feb.-1980:Jan.
|m A14832594537
|
| 952 |
f |
f |
|p ric
|a Texas A&M University
|b Rellis Campus
|c Joint Library Facility
|d Remote Storage
|t 0
|e TL760.A1 B734
|h Library of Congress classification
|i unmediated -- volume
|k v.5
|l 1954/1955
|m A14829658411
|
| 952 |
f |
f |
|p ric
|a Texas A&M University
|b Rellis Campus
|c Joint Library Facility
|d Remote Storage
|t 0
|e TL760.A1 B734
|h Library of Congress classification
|i unmediated -- volume
|k v.33-34
|l 1982:Feb.-1984:Jan.
|m A14832594456
|
| 952 |
f |
f |
|p ric
|a Texas A&M University
|b Rellis Campus
|c Joint Library Facility
|d Remote Storage
|t 0
|e TL760.A1 B734
|h Library of Congress classification
|i unmediated -- volume
|k v.3:no.1,3-4-v.4
|l 1952:spring,autumn-winter-1953
|m A14832594765
|
| 952 |
f |
f |
|p ric
|a Texas A&M University
|b Rellis Campus
|c Joint Library Facility
|d Remote Storage
|t 0
|e TL760.A1 B734
|h Library of Congress classification
|i unmediated -- volume
|k v.24
|l 1973:Feb.-1974:Jan.
|m A14832594773
|
| 952 |
f |
f |
|p ric
|a Texas A&M University
|b Rellis Campus
|c Joint Library Facility
|d Remote Storage
|t 0
|e TL760.A1 B734
|h Library of Congress classification
|i unmediated -- volume
|k v.37-38
|l 1986:Feb.-1988:Jan.
|m A14832594375
|
| 952 |
f |
f |
|p ric
|a Texas A&M University
|b Rellis Campus
|c Joint Library Facility
|d Remote Storage
|t 0
|e TL760.A1 B734
|h Library of Congress classification
|i unmediated -- volume
|k v.6:no.1,3-4
|l 1955:Spring, Oct.-Dec.
|m A14829658453
|
| 952 |
f |
f |
|p ric
|a Texas A&M University
|b Rellis Campus
|c Joint Library Facility
|d Remote Storage
|t 0
|e TL760.A1 B734
|h Library of Congress classification
|i unmediated -- volume
|k v.12
|l 1961
|m A14832594600
|
| 952 |
f |
f |
|p ric
|a Texas A&M University
|b Rellis Campus
|c Joint Library Facility
|d Remote Storage
|t 0
|e TL760.A1 B734
|h Library of Congress classification
|i unmediated -- volume
|k v.13
|l 1962
|m A14832594561
|
| 952 |
f |
f |
|p ric
|a Texas A&M University
|b Rellis Campus
|c Joint Library Facility
|d Remote Storage
|t 0
|e TL760.A1 B734
|h Library of Congress classification
|i unmediated -- volume
|k v.31-32
|l 1980:Feb.-1982:Jan.
|m A14832594498
|
| 952 |
f |
f |
|p ric
|a Texas A&M University
|b Rellis Campus
|c Joint Library Facility
|d Remote Storage
|t 0
|e TL760.A1 B734
|h Library of Congress classification
|i unmediated -- volume
|k v.16
|l 1965
|m A14832594448
|
| 952 |
f |
f |
|p ric
|a Texas A&M University
|b Rellis Campus
|c Joint Library Facility
|d Remote Storage
|t 0
|e TL760.A1 B734
|h Library of Congress classification
|i unmediated -- volume
|k v.11
|l 1960
|m A14832594642
|
| 952 |
f |
f |
|p ric
|a Texas A&M University
|b Rellis Campus
|c Joint Library Facility
|d Remote Storage
|t 0
|e TL760.A1 B734
|h Library of Congress classification
|i unmediated -- volume
|k v.15
|l 1964
|m A14832594480
|
| 952 |
f |
f |
|p ric
|a Texas A&M University
|b Rellis Campus
|c Joint Library Facility
|d Remote Storage
|t 0
|e TL760.A1 B734
|h Library of Congress classification
|i unmediated -- volume
|k v.18
|l 1967:Feb.-1968:Jan.
|m A14832594367
|
| 952 |
f |
f |
|p ric
|a Texas A&M University
|b Rellis Campus
|c Joint Library Facility
|d Remote Storage
|t 0
|e TL760.A1 B734
|h Library of Congress classification
|i unmediated -- volume
|k v.20
|l 1969:Feb.-1970:Jan.
|m A14832594286
|
| 952 |
f |
f |
|p ric
|a Texas A&M University
|b Rellis Campus
|c Joint Library Facility
|d Remote Storage
|t 0
|e TL760.A1 B734
|h Library of Congress classification
|i unmediated -- volume
|k v.1-2
|l 1950:spring-1952:winter
|m A14832593599
|
| 952 |
f |
f |
|p ric
|a Texas A&M University
|b Rellis Campus
|c Joint Library Facility
|d Remote Storage
|t 0
|e TL760.A1 B734
|h Library of Congress classification
|i unmediated -- volume
|k v.21
|l 1970:Feb.-1971:Jan.
|m A14832594244
|
| 952 |
f |
f |
|p ric
|a Texas A&M University
|b Rellis Campus
|c Joint Library Facility
|d Remote Storage
|t 0
|e TL760.A1 B734
|h Library of Congress classification
|i unmediated -- volume
|k v.7-8
|l 1956-1957
|m A14832594723
|
| 952 |
f |
f |
|p ric
|a Texas A&M University
|b Rellis Campus
|c Joint Library Facility
|d Remote Storage
|t 0
|e TL760.A1 B734
|h Library of Congress classification
|i unmediated -- volume
|k v.23
|l 1972:Feb.-1973:Jan.
|m A14832594163
|
| 952 |
f |
f |
|p ric
|a Texas A&M University
|b Rellis Campus
|c Joint Library Facility
|d Remote Storage
|t 0
|e TL760.A1 B734
|h Library of Congress classification
|i unmediated -- volume
|k v.29
|l 1978:Feb.-1979:Jan.
|m A14832594579
|
| 952 |
f |
f |
|p ric
|a Texas A&M University
|b Rellis Campus
|c Joint Library Facility
|d Remote Storage
|t 0
|e TL760.A1 B734
|h Library of Congress classification
|i unmediated -- volume
|k v.27
|l 1976:Feb.-1977:Jan.
|m A14832594650
|
| 998 |
f |
f |
|a TL760.A1 B734
|s v.7-38 (1956-1987/1988)
|t 0
|l Remote Storage
|